| 000 | 01308cam a2200361 a 4500 | ||
|---|---|---|---|
| 999 |
_c233071 _d233071 |
||
| 001 | 16438746 | ||
| 003 | Nust | ||
| 005 | 20170228114417.0 | ||
| 008 | 100830s2011 gw a b 001 0 eng c | ||
| 010 | _a 2010935946 | ||
| 016 | 7 |
_a101552462 _2DNLM |
|
| 020 | _a9783540793427 (alk. paper) | ||
| 020 | _a3540793429 (alk. paper) | ||
| 020 | _a9783540793434 (eISBN) | ||
| 020 | _a3540793437 (eISBN) | ||
| 035 | _a(OCoLC)ocn702604712 | ||
| 040 |
_aNLM _cASAB _dCDX _dBTCTA _dYDXCP _dDLC |
||
| 042 | _apcc | ||
| 050 | 0 | 0 |
_aRD120.7 _b.P38 2011 |
| 060 | 0 | 0 | _a2011 B-042 |
| 060 | 1 | 0 | _aWO 660 |
| 082 | 0 | 0 |
_a617.9/54 _223 |
| 245 | 0 | 0 |
_aPathology of solid organ transplantation / _cHelen Liapis, Hanlin L. Wang (editors). |
| 260 |
_aHeidelberg : _bSpringer, _cc2011. |
||
| 300 |
_axii, 405 p. : _bill. ; _c27 cm. |
||
| 504 | _aIncludes bibliographical references and index. | ||
| 650 | 0 | _aTransplantation of organs, tissues, etc. | |
| 650 | 1 | 2 |
_aOrgan Transplantation _xpathology. |
| 650 | 2 | 2 | _aTransplantation Immunology. |
| 700 | 1 | _aLiapis, Helen. | |
| 700 | 1 | _aWang, Hanlin L. | |
| 906 |
_a7 _bcbc _cpccadap _d2 _eepcn _f20 _gy-gencatlg |
||
| 942 |
_2ddc _cBK |
||